Statistics for How Much is Each Rupee Worth?

Click here to take the quiz!

General Stats

  • This quiz has been taken 25 times
  • The average score is 35 of 36

Answer Stats

HintAnswer% Correct
Green1
100%
Small Green1
100%
Blue1
100%
Rupee1
100%
Yellow10
100%
Rupoor-10
100%
-- Rupoor-10
100%
Small Red10
100%
Green1,5,10,20
100%
Yellow1,5,20
100%
Red20
100%
Blue20 or 30
100%
- Rupees5
100%
Small Blue5
100%
Red5
100%
Blue5
100%
Silver5
100%
Green5
100%
Orange100
94%
Big Green100
94%
--- Rupee100
94%
Big Blue100
94%
Silver100
94%
Red30
94%
-- Rupee50
94%
Big Green50
94%
Purple50
94%
-- Rupoor-50
94%
Huge200
89%
Gold200
89%
Big Red200
89%
Silver200
89%
Orange200
89%
Gold300
89%
Big Gold300
89%
--- Rupee300
89%

Score Distribution

Percentile by Number Answered

Percent of People with Each Score

Your Score History

You have not taken this quiz